Henry and Mudge and the bedtime thumps : (Record no. 299098)
[ view plain ]
| 000 -LEADER | |
|---|---|
| fixed length control field | 00687nam a2200217Ia 4500 |
| 008 - FIXED-LENGTH DATA ELEMENTS--GENERAL INFORMATION | |
| fixed length control field | 160803s9999 xx 000 0 und d |
| 020 ## - INTERNATIONAL STANDARD BOOK NUMBER | |
| International Standard Book Number | 0 590137662 |
| 100 ## - MAIN ENTRY--PERSONAL NAME | |
| Personal name | Rylant, Cynthia |
| 245 ## - TITLE STATEMENT | |
| Title | Henry and Mudge and the bedtime thumps : |
| 245 ## - TITLE STATEMENT | |
| Remainder of title | the ninth book of their adventures / |
| 245 ## - TITLE STATEMENT | |
| Statement of responsibility, etc | story by Cynthia Rylant ; pictures by Suçie Stevenson. |
| 260 ## - PUBLICATION, DISTRIBUTION, ETC. (IMPRINT) | |
| Place of publication, distribution, etc | New York : |
| 260 ## - PUBLICATION, DISTRIBUTION, ETC. (IMPRINT) | |
| Name of publisher, distributor, etc | Scholastic Inc. |
| 260 ## - PUBLICATION, DISTRIBUTION, ETC. (IMPRINT) | |
| Date of publication, distribution, etc | 1991 |
| 300 ## - PHYSICAL DESCRIPTION | |
| Extent | 40 pages : |
| 300 ## - PHYSICAL DESCRIPTION | |
| Other physical details | color illustrations ; |
| 300 ## - PHYSICAL DESCRIPTION | |
| Dimensions | 22 cm. |
| 440 ## - SERIES STATEMENT/ADDED ENTRY--TITLE | |
| Title | The Henry and Mudge books. |
| 500 ## - GENERAL NOTE | |
| General note | Originally published: New York : Simon and Schuster Books for Young Readers, c1991. |
| 700 ## - ADDED ENTRY--PERSONAL NAME | |
| Personal name | 540 |
| Withdrawn status | Lost status | Damaged status | Home library | Current library | Shelving location | Date acquired | Total Checkouts | Barcode | Date last seen | Price effective from | Koha item type |
|---|---|---|---|---|---|---|---|---|---|---|---|
| Stonyhurst Southville International School (Batangas) | Stonyhurst Southville International School (Batangas) | Lexiled | 08/03/2016 | SC-1024 | 08/03/2016 | 08/03/2016 | Books |